LEADER 01788nas 2200361 n 450 001 990008936360403321 005 20240229084250.0 011 $a0198-6473 035 $a000893636 035 $aFED01000893636 035 $a(Aleph)000893636FED01 035 $a000893636 091 $2CNR$aPT01002263 100 $a20161109a19809999km-y0itaa50------ba 101 0 $aeng 102 $aUS 110 $aauu-------- 200 1 $aCancer biology reviews 207 1$a1980- 210 $aNew York, N.Y.$cMarcel Dekker 530 0 $aCancer biology reviews 531 $aCANCER BIOL. REV. 676 $a616.99/4/005 801 0$aIT$bACNP$c20090723 859 4 $uhttp://acnp.cib.unibo.it/cgi-ser/start/it/cnr/dc-p1.tcl?catno=1002263&person=false&language=ITALIANO&libr=&libr_th=unina1$zBiblioteche che possiedono il periodico 901 $aSE 912 $a990008936360403321 958 $aBiblioteca Interdipartimentale " G.Quagliariello " Dipartimento di biochimica e Biotecnologie mediche e Dipartimento di Biologia e Patologia cellulare e molecolare. Facoltà di Medicina e Chirurgia. Università degli Studi di Napoli "Federico II"$b1980-1982;$fDMBBM 959 $aDMBBM 996 $aCancer biology reviews$9796660 997 $aUNINA AP1 8 $6866-01$aNA175 Biblioteca Interdipartimentale " G.Quagliariello " Dipartimento di biochimica e Biotecnologie mediche e Dipartimento di Biologia e Patologia cellulare e molecolare. Facoltà di Medicina e Chirurgia. Università degli Studi di Napoli "Federico II"$eVia Pansini, 5, 80131 Napoli (NA)$m(081) 7463014$m(081) 7463652$nit AP2 40$aacnp.cib.unibo.it$nACNP Italian Union Catalogue of Serials$uhttp://acnp.cib.unibo.it/cgi-ser/start/it/cnr/df-p.tcl?catno=1002263&language=ITALIANO&libr=&person=&B=1&libr_th=unina&proposto=NO